| 000 | 01063cam a2200241 4500 | ||
|---|---|---|---|
| 001 | WB4022-11 | ||
| 008 | 040608n2004 000 0 eng u | ||
| 035 | _a(Sirsi) u126432 | ||
| 245 | _aLand use change in England | ||
| 260 | _c2004 | ||
| 490 |
_aPlanning (for the Natural and Built Environment) _v (1572) 4 June 2004, 1(1) |
||
| 520 | _aLatest research from ODPM reveals that the average density of new housing has jumped for the second successive year, to 30 dwellings per hectare (dph), up three dph from 2002. The research also estimates that in 2003, 66% of new homes were built on previously developed land. The full report can be viewed at http://www.odpm.gov.uk/stellent/groups/odpm_contro l/documents/contentservertemplate/odpm_index.hcst? n=2628&l=2. | ||
| 590 | _aWB | ||
| 590 | _aWB | ||
| 650 | _aLAND USE CHANGE STATISTICS | ||
| 650 | _aPREVIOUSLY DEVELOPED LAND | ||
| 650 | _aNEW HOUSING | ||
| 650 | _aHOUSING DENSITY | ||
| 650 | _aSTATISTICS | ||
| 650 | _aRESIDENTIAL DEVELOPMENT | ||
| 690 | _aHOUSING-DEVELOPMENT | ||
| 942 | _n0 | ||
| 999 |
_c117487 _d117487 |
||